|
|
|
|
| LEADER |
01371cas a2200229 a 4500 |
| 001 |
AALejournalIMF018606 |
| 008 |
230101c9999 xx r poo 0 0eng d |
| 020 |
|
|
|z 9781484373453
|
| 022 |
|
|
|a 2227-8915
|
| 040 |
|
|
|a BD-DhAAL
|c BD-DhAAL
|
| 110 |
2 |
|
|a International Monetary Fund.
|
| 245 |
1 |
0 |
|a International Monetary Fund Annual Report 2018 :
|b Building a Shared Future.
|
| 264 |
|
1 |
|a Washington, D.C. :
|b International Monetary Fund,
|c 2018.
|
| 300 |
|
|
|a 1 online resource (108 pages)
|
| 490 |
1 |
|
|a Annual Report of the Executive Board
|
| 500 |
|
|
|a <strong>Off-Campus Access:</strong> No User ID or Password Required
|
| 500 |
|
|
|a <strong>On-Campus Access:</strong> No User ID or Password Required
|
| 506 |
|
|
|a Electronic access restricted to authorized BRAC University faculty, staff and students
|
| 520 |
3 |
|
|a The past year was one of growing economic anxiety tied to skepticism about both economic integration and an international approach to economic policy making. To help make globalization work for all, the IMF focused on providing policy advice in many macro-critical areas.
|
| 538 |
|
|
|a Mode of access: Internet
|
| 830 |
|
0 |
|a Annual Report of the Executive Board; Annual Report of the Executive Board ;
|v No. 2018/001
|
| 856 |
4 |
0 |
|z Full text available on IMF
|u http://elibrary.imf.org/view/books/011/25305-9781484373453-en/25305-9781484373453-en-book.xml
|z IMF e-Library
|